Co może zmienić kolor z zielonego na żółty? - Statystyki

Ogólne statystyki
  • Ten quiz został rozwiązany 21 razy
  • Średni wynik to 2 z 7
Statystyki odpowiedzi
Odpowiedź % Poprawnych
Liście
60%
Kameleon
45%
Trawa
40%
Papryka
35%
Kwiat
25%
Sygnalizacja świetlna
20%
Gruszka
15%
Nie znaleziono quizów pasujących do podanych kryteriów
Rozkład punktacji
Procent ludzi z każdym wynikiem
Percentyl według liczby udzielonych odpowiedzi
Twoja historia wyników
Nie rozwiązałeś tego quizu